000 00236nam a2200097Ia 4500
001 834453
005 20250826172434.0
008 250824s9999 xx 000 0 und d
245 0 _aBÜYÜK TUZAK
_cASLI DER
260 _bGÜNIŞIĞI YAYINLARI
999 _c834453
_d834453